[Event "41st Nezhmetdinov Memorial 2019"]
[Site "Kazan"]
[Date "2019.05.31"]
[Round "1.10"]
[White "Bagautdinov, Ilgiz"]
[Black "Iljiushenok, Ilia"]
[Result "0-1"]
[WhiteElo "2018"]
[BlackElo "2477"]
[Annotator "ChessBase"]
[PlyCount "70"]
[EventDate "2019.05.31"]
[EventType "swiss"]
[EventCountry "RUS"]
[SourceTitle "playchess.com"]
[Source "ChessBase"]
[SourceQuality "1"]
[TimeControl "5400+30"]

1. d4 {[%emt 0:00:00]} Nf6 {[%emt 0:00:00]} 2. c4 {[%emt 0:00:00]} g6 {[%emt 0:00:00]} 3. Nc3 {[%emt 0:00:04]} d5 {[%emt 0:00:23]} 4. Nf3 {[%emt 0:00:16]} Bg7 {[%emt 0:00:05]} 5. Bf4 {[%emt 0:00:16]} O-O {[%emt 0:00:19]} 6. e3 {[%emt 0:00:12]} c5 {[%emt 0:00:49]} 7. dxc5 {[%emt 0:00:20]} Ne4 {[%emt 0:00:26]} 8. Rc1 {[%emt 0:08:28]} Nxc3 {[%emt 0:10:43]} 9. bxc3 {[%emt 0:00:17]} Qa5 {[%emt 0:00:16]} 10. Qb3 {[%emt 0:06:19]} dxc4 {[%emt 0:07:50]} 11. Bxc4 {[%emt 0:00:22]} Qxc5 {[%emt 0:01:25]} 12. Ng5 {[%emt 0:06:20]} e6 {[%emt 0:01:14]} 13. O-O {[%emt 0:00:59]} Nc6 {[%emt 0:09:01]} 14. Ne4 {[%emt 0:05:43]} Qh5 {[%emt 0:01:34]} 15. Ng3 {[%emt 0:08:34]} Qh4 {[%emt 0:04:27]} 16. Qa4 {[%emt 0:13:20]} Ne5 {[%emt 0:23:13]} 17. Bb5 {[%emt 0:05:07]} Qe7 {[%emt 0:16:02]} 18. Ne4 {[%emt 0:05:52]} a6 {[%emt 0:01:13]} 19. Rfd1 {[%emt 0:01:58]} h6 {[%emt 0:02:38]} 20. f3 {[%emt 0:05:31]} Kh7 {[%emt 0:02:13]} 21. Be2 {[%emt 0:04:46]} f5 {[%emt 0:04:18]} 22. Nf2 {[%emt 0:11:22]} g5 {[%emt 0:00:35]} 23. Bg3 {[%emt 0:00:05]} Rf7 {[%emt 0:05:35]} 24. f4 {[%emt 0:04:21]} Nc6 {[%emt 0:01:20]} 25. fxg5 {[%emt 0:00:41]} Qxg5 {[%emt 0:00:11]} 26. Bf4 {[%emt 0:00:34]} Qg6 {[%emt 0:00:04]} 27. Bc4 {[%emt 0:01:49]} b5 {[%emt 0:01:46]} 28. Bxb5 {[%emt 0:03:12]} axb5 {[%emt 0:00:04]} 29. Qxa8 {[%emt 0:00:31]} Bb7 {[%emt 0:00:02]} 30. Qe8 {[%emt 0:00:48]} Nd4 {[%emt 0:00:09]} 31. Bg3 {[%emt 0:00:19]} Ne2+ {[%emt 0:00:27]} 32. Kf1 {[%emt 0:00:05]} Nxc1 {[%emt 0:00:11]} 33. Rxc1 {[%emt 0:00:30]} e5 {[%emt 0:00:25]} 34. e4 {[%emt 0:02:20]} fxe4 {[%emt 0:00:13]} 35. Re1 {[%emt 0:00:12]} Rxf2+ {[%emt 0:00:04]} 0-1

[Event "41st Nezhmetdinov Memorial 2019"]
[Site "Kazan"]
[Date "2019.06.01"]
[Round "2.1"]
[White "Askerov, Marat"]
[Black "Sarana, Alexey"]
[Result "1-0"]
[WhiteElo "2309"]
[BlackElo "2636"]
[Annotator "TA"]
[PlyCount "75"]
[EventDate "2019.05.31"]
[EventType "swiss"]
[EventCountry "RUS"]
[SourceTitle "playchess.com"]
[Source "ChessBase"]
[SourceQuality "1"]

{[%evp 14,75,-10,0,30,20,26,6,20,18,25,23,60,33,90,88,120,101,131,111,139,148,143,112,131,137,129,124,188,162,203,200,213,221,246,252,256,248,271,235,279,287,283,272,335,329,479,479,477,474,529,529,529,529,529,529,522,522,5732,5701,5493,5397,5573,5493]} 1. d4 Nf6 2. c4 g6 3. Nc3 d5 4. Bf4 Bg7 5. e3 c5 6. dxc5 Qa5 7. Qa4+ Qxa4 8. Nxa4 Be6 {D82: Grünfeld: 4 Bf4} (8... Bd7 9. Nc3 Ne4 10. Nxd5 Na6 11. f3 Nexc5 12. O-O-O e6 13. Nc3 Bxc3 14. bxc3 f6 15. e4 e5 16. Be3 Rc8 {½-½ (34) Akobian,V (2647)-So,W (2786) Saint Louis 2018}) 9. Nf3 dxc4 10. Rc1 Nbd7 $146 {The position is equal.} ({Predecessor:} 10... Bd7 11. Rxc4 Nd5 12. Be5 f6 13. e4 b5 14. cxb6 Nxb6 15. Nxb6 axb6 16. Bxb8 Rxb8 {1-0 (61) Bakalarz,M (2320)-Neubauer,M (2434) Plovdiv 2003}) 11. Bxc4 Bxc4 12. Rxc4 Rc8 {Threatens to win with ...b5.} 13. b3 $36 {[%cal Bb2b3,Bb3b4,Bb4b5][%mdl 2080] White has some pressure.} (13. c6 $5 bxc6 14. Ne5 $14) 13... Nh5 (13... O-O $14) 14. Ke2 Nxf4+ 15. exf4 e6 16. Rhc1 Nb8 17. b4 Ke7 18. b5 Rhd8 19. Nc3 Rc7 20. a4 f5 (20... Nd7 $16) 21. Na2 $1 $18 Rdc8 {[#]} 22. Nb4 $1 Ke8 23. a5 Bf8 {[%cal Rc7c5] [#]} 24. Nd3 $1 Bg7 25. g3 Rd7 26. Nb4 Bf6 27. h4 Rg7 28. Ke3 Bd8 29. b6 axb6 (29... Bf6 $142 30. Ne5 (30. bxa7 Nc6 $18) 30... Bxe5) 30. cxb6 {White is clearly winning.} Rxc4 31. Rxc4 Nd7 {[#]} 32. Rc7 $1 {[%mdl 512]} Re7 {and the idea ...Nxb6 leaves Black hopeful.} (32... Bxc7 33. bxc7) 33. Rxb7 Nxb6 34. Rxe7+ ({Weaker is} 34. Rxb6 Bxb6+ 35. axb6 Rb7 $18) 34... Bxe7 35. axb6 {[%cal Ba5b6,Bb6b7][%mdl 32] aiming for Na6.} Bxb4 36. b7 Bc5+ 37. Kd3 Ba7 38. Ne5 {Accuracy: White = 84%, Black = 22%.} 1-0

[Event "41st Nezhmetdinov Memorial 2019"]
[Site "Kazan"]
[Date "2019.06.01"]
[Round "2.2"]
[White "Kokarev, Dmitry"]
[Black "Tsoi, Dmitry"]
[Result "1-0"]
[WhiteElo "2605"]
[BlackElo "2310"]
[Annotator "TA"]
[PlyCount "120"]
[EventDate "2019.05.31"]
[EventType "swiss"]
[EventCountry "RUS"]
[SourceTitle "playchess.com"]
[Source "ChessBase"]
[SourceQuality "1"]

{[%evp 9,120,18,59,39,41,32,40,25,26,18,78,77,78,78,86,85,75,72,84,85,79,72,80,77,89,56,67,73,69,64,58,75,79,70,74,60,66,57,77,43,75,56,60,58,73,72,110,109,86,75,76,66,95,82,117,93,103,93,117,85,88,89,94,91,93,75,79,62,77,85,93,93,102,93,93,99,116,86,231,235,246,164,232,211,758,688,1566,1446,4134,29952,7202,5402,5514,1927,29970,29970,29971,29972,29971,29973,29973,29974,29974,29975,29975,29976,29976,29977,29977,29978,29978,29979,29979]} 1. e4 d6 2. g3 Nf6 3. Bg2 e5 4. Ne2 Be7 (4... h5 5. h3 c5 6. d3 Be7 7. Nbc3 Nc6 8. Be3 Nd4 9. f4 b5 10. Qd2 b4 11. Nd1 Nd7 {0-1 (46) McShane,L (2640)-Kuzubov,Y (2699) Riadh 2017}) 5. d4 Bg4 6. f3 {B07: Pirc Defence: Miscellaneous Systems} Bd7 7. Be3 $146 ({Predecessor:} 7. Nbc3 c6 8. Be3 Qc8 9. h4 Be6 10. h5 h6 11. Qd2 {0-1 (61) Felkai,A (2305)-Csete Szemesi,A Hungary 1998}) 7... exd4 8. Nxd4 {White is slightly better.} c5 9. Ne2 Bc6 (9... b5 $11) 10. c4 $16 O-O 11. Nbc3 Na6 12. O-O Nc7 13. a4 Re8 14. Nf4 Bf8 15. Rf2 b6 16. Rd2 Qb8 17. Nfe2 Nd7 18. Nb5 Bxb5 19. axb5 Ne5 20. b3 a6 21. bxa6 Rxa6 22. Rxa6 Nxa6 23. Nc3 Nc7 $1 24. Bf1 Qb7 25. Bf2 (25. f4 {feels hotter.} Nc6 26. Qf3 Ne6 27. Nb5 g6 28. h4) 25... Nc6 26. Nb5 Nxb5 27. cxb5 Nd8 28. Bc4 $36 {[%mdl 2048] White is really pushing.} Ne6 29. Ra2 Nc7 30. Kg2 Ra8 31. Ra4 Qc8 32. Qa1 Qe8 33. Qa2 (33. h4 {looks sharper.} Be7 34. Qd1 Qc8 35. Be3 Qb7 36. Qd2) 33... Be7 34. b4 Rxa4 35. Qxa4 {[#] aiming for Qa7.} Qa8 36. Qb3 Qe8 37. bxc5 dxc5 38. e5 Bf8 39. f4 Ne6 40. Qf3 Nc7 41. Qd3 g6 42. h4 Ne6 43. h5 Qd8 (43... Qa8+ $16 44. Kg1 Qc8) 44. Qxd8 $18 Nxd8 {[%mdl 4096] Endgame KBB-KBN} 45. Kf3 Ne6 {[#]} (45... gxh5 {keeps fighting.} 46. f5 Bh6) 46. g4 $1 Kg7 $2 (46... Nd4+ 47. Ke4 gxh5) 47. Bh4 g5 48. Bxg5 Nxg5+ 49. fxg5 {KB-KB} Be7 50. Kf4 Bd8 51. Kf5 Bc7 52. h6+ {White mates.} Kg8 53. e6 fxe6+ 54. Bxe6+ Kh8 55. g6 hxg6+ 56. Kxg6 Bf4 57. g5 c4 58. Bxc4 Be3 59. Kh5 Bd2 60. Bd3 Kg8 {Accuracy: White = 66%, Black = 46%.} 1-0

[Event "41st Nezhmetdinov Memorial 2019"]
[Site "Kazan"]
[Date "2019.06.01"]
[Round "2.3"]
[White "Shoboev, Dandar"]
[Black "Timofeev, Artyom"]
[Result "0-1"]
[WhiteElo "2288"]
[BlackElo "2602"]
[Annotator "RC"]
[PlyCount "82"]
[EventDate "2019.05.31"]
[EventType "swiss"]
[EventCountry "RUS"]
[SourceTitle "playchess.com"]
[Source "ChessBase"]
[SourceQuality "1"]
[TimeControl "5400+30"]

1. d4 {[%emt 0:00:00]} Nf6 {[%emt 0:00:00]} 2. c4 {[%emt 0:00:00]} g6 {[%emt 0:00:00]} 3. Nc3 {[%emt 0:00:00]} d5 {[%emt 0:00:00]} 4. cxd5 {[%emt 0:00:00]} Nxd5 {[%emt 0:00:00]} 5. e4 {[%emt 0:00:00]} Nxc3 {[%emt 0:00:27]} 6. bxc3 {[%emt 0:00:02]} Bg7 {[%emt 0:00:04]} 7. Nf3 {[%emt 0:00:07]} c5 {[%emt 0:00:22]} 8. Be3 {[%emt 0:00:06]} Qa5 {[%emt 0:04:49]} 9. Qd2 {[%emt 0:00:08]} O-O {[%emt 0:02:52]} 10. Rc1 {[%emt 0:00:16]} Bg4 {[%emt 0:02:38]} 11. d5 {[%emt 0:05:10]} Bxf3 {[%emt 0:20:28]} 12. gxf3 {[%emt 0:00:06]} Nd7 {[%emt 0:02:50]} 13. c4 {[%emt 0:00:08]} Qa3 {[%emt 0:02:13]} 14. f4 {[%emt 0:24:49]} Rad8 {[%emt 0:08:55]} 15. Bg2 {[%emt 0:13:47]} e5 {[%emt 0:12:45]} 16. O-O {[%emt 0:03:01]} exf4 {[%emt 0:01:54]} 17. Bxf4 {[%emt 0:00:05]} Bd4 {[%emt 0:01:25]} 18. Rfe1 {[%emt 0:02:26]} Ne5 {[%emt 0:14:01]} 19. Bxe5 {[%emt 0:01:12]} Bxe5 {[%emt 0:00:04]} 20. f4 {[%emt 0:00:20]} Bd4+ {[%emt 0:00:04]} 21. Kh1 {[%emt 0:00:06]} f6 {[%emt 0:10:12]} 22. Re2 {[%emt 0:04:08]} Rfe8 {[%emt 0:01:40]} 23. Rf1 {[%emt 0:24:20]} Qa6 {[%emt 0:06:57]} 24. Qd3 {[%emt 0:01:18]} Kh8 {[%emt 0:01:18]} 25. Rfe1 {[%emt 0:06:12]} Qd6 {[%emt 0:01:03]} 26. Qg3 {[%emt 0:01:27]} Qa6 {[%emt 0:00:26]} 27. Qd3 {[%emt 0:04:38]} Qa5 {[%emt 0:00:24]} 28. Bh3 {[%emt 0:03:59]} a6 {[%emt 0:01:33]} 29. Rb1 {[%emt 0:01:07]} Qc7 {[%emt 0:00:48]} 30. Qg3 {[%emt 0:00:32]} b5 {[%emt 0:00:15]} 31. cxb5 {[%emt 0:00:32]} axb5 {[%emt 0:00:06]} 32. Be6 {[%emt 0:00:28]} b4 {[%emt 0:00:51]} 33. Rd1 {[%emt 0:01:38]} Bc3 {[%emt 0:02:06]} 34. Rd3 {[%emt 0:00:35]} c4 {[%emt 0:00:27]} 35. Rxc3 {[%emt 0:01:25]} bxc3 {[%emt 0:00:05]} 36. Rf2 {[%emt 0:00:32]} Rxe6 {[%emt 0:01:30]} 37. dxe6 {[%emt 0:00:05]} Qc6 {[%emt 0:00:05]} 38. Re2 {[%emt 0:02:23]} Rd1+ {[%emt 0:00:28]} 39. Kg2 {[%emt 0:00:06]} Qxe6 {[%emt 0:00:07]} 40. Kf2 {[%emt 0:01:42]} Rd3 {[%emt 0:00:56]} 41. Qg2 {[%emt 0:00:56]} Qb6+ {[%emt 0:00:21]} 0-1

[Event "41st Nezhmetdinov Memorial 2019"]
[Site "Kazan"]
[Date "2019.06.01"]
[Round "2.4"]
[White "Pridorozhni, Aleksei"]
[Black "Korovin, Mikhail"]
[Result "1/2-1/2"]
[WhiteElo "2588"]
[BlackElo "2311"]
[Annotator "TA"]
[PlyCount "275"]
[EventDate "2019.05.31"]
[EventType "swiss"]
[EventCountry "RUS"]
[SourceTitle "playchess.com"]
[Source "ChessBase"]
[SourceQuality "1"]

{[%evp 16,275,-17,-16,-7,-19,41,44,54,50,79,78,91,113,122,103,127,91,142,146,155,134,127,127,122,129,121,125,124,125,134,153,160,157,145,152,143,121,118,129,136,135,183,185,181,162,162,173,168,64,62,59,49,61,52,8,8,7,8,8,8,8,8,8,8,10,38,32,70,70,70,70,77,65,69,35,42,50,70,70,70,70,68,42,62,62,67,8,9,8,8,8,8,8,8,8,8,7,7,0,7,7,8,8,8,7,7,7,7,7,7,7,7,7,7,7,7,7,7,7,7,7,8,7,8,7,7,7,8,7,8,7,8,7,7,7,7,7,8,7,7,7,7,7,7,7,7,7,7,7,7,7,7,0,7,7,7,7,7,7,7,7,7,7,7,7,7,7,7,7,7,7,7,0,8,-3,8,8,8,7,8,8,8,8,8,8,8,8,8,8,8,8,8,8,8,8,8,8,8,8,8,8,8,8,8,8,8,0,8,8,8,0,8,8,8,7,8,8,8,8,8,8,8,8,8,8,8,8,68,8,8,8,8,8,8,7,8,8,8,8,8,7,8,8,8,0,0,0,8,8,8,8,8,8,8,8,8,8,8,8,8,8]} 1. c4 e5 2. g3 Nc6 3. Bg2 f5 4. Nc3 Nf6 5. d3 Bb4 6. Nf3 O-O 7. O-O Bxc3 8. bxc3 d6 9. Rb1 Qe8 {A25: English Opening vs King's Indian with ...Nc6 but without early d3} 10. Ne1 (10. Qb3 b6 11. Nh4 Na5 12. Qa3 Rb8 13. Be3 f4 14. gxf4 Qh5 15. Nf3 Bh3 16. Bxh3 Qxh3 17. Kh1 {½-½ (37) Svidler,P (2753)-Carlsen,M (2881) Stavanger 2014}) 10... f4 ({Better is} 10... Rb8 $11) 11. gxf4 $14 Qh5 {White is slightly better.} 12. f3 $146 ({Predecessor:} 12. fxe5 Ng4 13. h3 Ngxe5 14. f4 Bxh3 15. fxe5 Rxf1+ 16. Kxf1 Nxe5 17. Kg1 {0-1 (37) Akesson,J (2264)-Westerberg,J (2464) Molnlycke 2015}) 12... Rb8 13. e4 exf4 14. Bxf4 Ne5 15. Bg3 Ng6 16. f4 Bg4 (16... Qxd1 $142 17. Rxd1 Nh5) 17. Qd2 $16 Qh6 {...Nh5 would now be nice for Black.} 18. Rb2 Nh5 {[%cal Rg6f4]} 19. f5 Qxd2 20. Rxd2 Nxg3 21. hxg3 Ne5 22. Nc2 b5 23. cxb5 Rxb5 24. Ne3 h5 25. d4 Nf7 26. Nxg4 hxg4 27. Rf4 Rb1+ 28. Kf2 Rc1 29. Rxg4 {Black must now prevent f6.} Nh6 30. Rg6 Rxc3 31. g4 Rf6 32. Bf3 (32. Rg5 $18) 32... Nf7 $1 $14 33. e5 dxe5 34. Bd5 Kf8 35. Rb2 Rxg6 36. fxg6 $11 {[%mdl 4096] Endgame KRB-KRN} Nh6 37. Bf3 exd4 38. Rb5 {[#] And now g5 would win.} a6 $132 {[%mdl 2048] Black has counterplay} 39. Rd5 {Strongly threatening g5.} Ke8 40. Rxd4 Ng8 41. Ra4 Ne7 42. Rxa6 c6 43. a4 {[%cal Ba2a4,Ba4a5,Ba5a6][%mdl 32]} Kd7 44. Ra7+ Ke6 45. a5 Nxg6 46. Rxg7 Ne5 47. Be2 $1 Ra3 48. a6 Kf6 49. Rg8 c5 50. g5+ Kf5 51. g6 (51. Ra8 $14) 51... Nxg6 52. a7 (52. Ra8 {is more complex.} Ne5 53. a7 Ke4 54. Bf1 Ra2+ 55. Ke1) 52... Rxa7 53. Bd3+ Ke5 $1 54. Bxg6 {KRB-KR} Kd4 55. Rd8+ Kc3 56. Rd3+ Kb4 57. Rd8 c4 58. Ke3 Kc3 59. Rd1 Rg7 60. Rd6 Re7+ 61. Be4 Rg7 62. Rc6 Rg4 63. Rc8 Rh4 64. Bf5 Rh5 65. Rf8 Rh4 66. Be4 Rh3+ 67. Ke2 Rh2+ 68. Kd1 Rh3 69. Kc1 Re3 {[%cal Re3e1] [#]} (69... Rh2 {looks sharper.} 70. Rf3+ Kd4 71. Bf5 Rh1+ 72. Kb2 Rh2+) 70. Bc2 Re1+ 71. Bd1 Re3 72. Ra8 Rd3 73. Be2 Re3 74. Ra2 Kb4 75. Bd1 Rc3+ 76. Bc2 Ra3 77. Rb2+ Kc3 78. Bb1 Ra5 79. Rc2+ Kb3 80. Rh2 Rg5 {Threatens to win with ...Rg1+.} 81. Bc2+ Kc3 82. Rh3+ $1 Kb4 83. Be4 Re5 84. Bc2 Rg5 85. Kb2 Re5 86. Rh4 Rg5 87. Be4 Rg3 88. Rh8 Rg5 89. Kc2 Re5 90. Rh4 Rg5 91. Bd3 Rg2+ 92. Kd1 Kc3 93. Bf1 Rd2+ 94. Kc1 Rf2 {[%cal Rf2f1]} (94... Rc2+ {seems wilder.} 95. Kb1 Rf2 96. Bh3 Rh2 97. Rh7 Rh1+) 95. Rxc4+ Kb3 96. Bd3 Rh2 97. Rc8 Rh1+ 98. Kd2 Rh2+ 99. Be2 Kb4 100. Rc4+ Ka5 101. Rc1 Kb4 102. Kd3 Kb5 103. Ke3+ Kb4 104. Bd3 Rh8 105. Be4 Rd8 106. Bc6 Rd6 107. Ke4 Rd2 108. Bd5 Kb5 109. Ke5 Kb4 110. Bc4 Rh2 111. Bd5 Rd2 112. Kd6 Rd3 113. Ke5 Rc3 114. Rb1+ Kc5 115. Rb8 Re3+ 116. Be4 Rc3 117. Rb7 Rc4 118. Bd3 {Rc7+ would kill now.} Rc3 (118... Rh4 {feels hotter.} 119. Rh7 Rg4 120. Rc7+ Kb6 121. Rc3 Rh4) 119. Rd7 Ra3 120. Rd5+ Kc6 121. Be4 {Threatening mate with Ra5+.} Kc7 (121... Kb6 $11) 122. Rc5+ (122. Rb5 $1 $14) 122... Kb6 {The position is equal.} 123. Kd6 Rh3 124. Rc6+ Kb5 125. Rc7 Kb4 126. Kd5 Rh6 127. Rc1 Rh5+ 128. Kd4 Rb5 129. Bc6 Rb6 130. Kd5 Ra6 131. Kd4 {White threatens Rb1+ and mate.} Rb6 132. Bd5 $1 Rb5 133. Bc4 {White wants to mate with Rb1+.} Rb6 134. Rc2 Rd6+ 135. Bd5 $1 Rb6 136. Rb2+ Ka5 137. Rxb6 Kxb6 138. Ke4 {Accuracy: White = 74%, Black = 76%.} 1/2-1/2

[Event "41st Nezhmetdinov Memorial 2019"]
[Site "Kazan"]
[Date "2019.06.01"]
[Round "2.5"]
[White "Makoveev, Ilya"]
[Black "Rozum, Ivan"]
[Result "0-1"]
[WhiteElo "2304"]
[BlackElo "2568"]
[Annotator "TA"]
[PlyCount "122"]
[EventDate "2019.05.31"]
[EventType "swiss"]
[EventCountry "RUS"]
[SourceTitle "playchess.com"]
[Source "ChessBase"]
[SourceQuality "1"]

{[%evp 22,122,64,61,56,62,66,51,75,19,71,83,71,31,27,22,14,18,36,8,0,-30,-36,-154,113,82,122,11,4,0,0,0,0,0,0,0,0,0,0,-14,-8,-113,-113,-150,-140,-137,-80,-65,-83,-114,-18,-43,-21,-23,0,-108,-31,-32,-29,-43,-17,-34,-17,-17,0,-41,-36,-87,-58,-102,-108,-156,-156,-144,-147,-156,-154,-144,-146,-317,-315,-266,-282,-360,-334,-482,-464,-510,-442,-1518,-1452,-1472,-1116,-29973,-29974,-7200,-5297,-29983,-29984,-29985,-29986,-29983,-298]} 1. e4 c5 2. Nf3 e6 3. d4 cxd4 4. Nxd4 a6 5. Bd3 Nf6 6. O-O d6 7. c4 Be7 8. Nc3 b6 9. b3 Bb7 10. Bb2 O-O 11. Qe2 Nbd7 12. Rad1 Qc7 {B42: Sicilian: Kan Variation: 5 Bd3} 13. f4 Rfe8 14. g4 $146 ({Predecessor:} 14. Bb1 Bf8 15. Nf3 Rad8 16. Kh1 g6 17. Qd2 Qb8 18. f5 Ng4 19. Qf4 Nge5 20. Nxe5 Nxe5 21. f6 b5 22. cxb5 axb5 23. Nxb5 {0-1 (38) Colmenares,A (2370)-Hera,I (2609) Bad Ragaz 2017}) 14... g6 {White is slightly better.} 15. f5 (15. g5 $16) 15... exf5 (15... Ne5 $11) 16. gxf5 $16 Bf8 17. Qf2 {Strongly threatening fxg6.} Bg7 18. Nd5 Bxd5 19. exd5 {Threatens to win with Qh4.} Ne5 20. Be2 Neg4 21. Bxg4 Nxg4 22. Qf3 (22. Qh4 $1 $15 Ne3 23. fxg6 hxg6 24. Rd3) 22... Ne5 $2 (22... Ne3 $17 {and life is bright.} 23. f6 Nxd1 24. Rxd1 Bh6) 23. Qg2 Qe7 24. f6 (24. Qg3 $16 {aiming for f6!} Qd8 25. Rf2) 24... Bxf6 $11 25. Nc6 Nxc6 26. Bxf6 Qe3+ 27. Kh1 Ne5 28. Rde1 {[%cal Bd1e1,Be1e4,Be4h4][%mdl 32]} Qh6 29. Re4 {And now Rh4 would win.} Nd7 30. Rh4 Qe3 31. Bd4 (31. Rhf4 $1 $11 {remains equal.}) 31... Qd3 $1 $17 32. Kg1 Re2 $36 {[%mdl 2048] Black has strong initiative.} 33. Qg5 {Black must now prevent Qh6.} Re4 (33... h5 $142 34. Qg4 (34. Qf4 f6 $17) 34... Ne5) 34. Rxe4 Qxe4 35. Rf4 {[#]} Qe1+ (35... Qe2 $1 $17 36. Qh4 b5) 36. Rf1 $11 Qe8 37. Qg3 Qe4 38. Rf4 {[#]} (38. Bc3 $1 $11 {keeps the balance.}) 38... Qe7 (38... Qe2 $1 $17 39. Qf3 Qe1+ 40. Qf1 Qe7) 39. Rf3 $1 $15 b5 40. Re3 Qf8 $1 41. Qg4 Qd8 42. Qf4 Qf8 43. Qg4 Rd8 44. Qe2 ({White should play} 44. h4 $15) 44... bxc4 45. bxc4 Qh6 46. Re8+ Rxe8 47. Qxe8+ Nf8 {...Qc1+ is the strong threat.} 48. Qe3 Qxe3+ 49. Bxe3 $17 {[%mdl 4096] Endgame KB-KN} Nd7 50. Bd4 $2 (50. Bf4 $17 {might work better.}) 50... f6 $19 51. Kf2 Kf7 52. Kg3 g5 53. h4 (53. Kf3 $142) 53... Kg6 54. Be3 Kf5 55. h5 (55. hxg5 $142 fxg5 56. Bg1) 55... Ke4 56. Bc1 Ne5 57. h6 Nxc4 58. Kg4 Ne5+ 59. Kh5 Kf5 {Black mates.} 60. a4 Nd3 61. a5 Nf4+ {Accuracy: White = 26%, Black = 65%.} 0-1

[Event "41st Nezhmetdinov Memorial 2019"]
[Site "Kazan"]
[Date "2019.06.01"]
[Round "2.6"]
[White "Puranik, Abhimanyu"]
[Black "Shafigullina, Zarina"]
[Result "0-1"]
[WhiteElo "2548"]
[BlackElo "2240"]
[Annotator "ChessBase"]
[PlyCount "118"]
[EventDate "2019.05.31"]
[EventType "swiss"]
[EventCountry "RUS"]
[SourceTitle "playchess.com"]
[Source "ChessBase"]
[SourceQuality "1"]
[TimeControl "5400+30"]

1. Nf3 {[%emt 0:00:00]} Nf6 {[%emt 0:00:00]} 2. g3 {[%emt 0:00:00]} b6 {[%emt 0:00:00]} 3. Bg2 {[%emt 0:00:00]} Bb7 {[%emt 0:00:00]} 4. O-O {[%emt 0:00:19]} e6 {[%emt 0:00:03]} 5. d3 {[%emt 0:00:36]} Be7 {[%emt 0:00:59]} 6. e4 {[%emt 0:01:02]} d6 {[%emt 0:00:31]} 7. b3 {[%emt 0:01:46]} Nbd7 {[%emt 0:00:25]} 8. Bb2 {[%emt 0:00:07]} c5 {[%emt 0:00:58]} 9. Nbd2 {[%emt 0:03:02]} Qc7 {[%emt 0:03:02]} 10. a4 {[%emt 0:01:27]} a6 {[%emt 0:00:56]} 11. Qe2 {[%emt 0:09:11]} O-O {[%emt 0:01:55]} 12. h3 {[%emt 0:07:10]} Rfe8 {[%emt 0:03:03]} 13. Nh4 {[%emt 0:05:00]} b5 {[%emt 0:05:46]} 14. f4 {[%emt 0:02:06]} bxa4 {[%emt 0:03:20]} 15. Rxa4 {[%emt 0:01:11]} Nb6 {[%emt 0:00:24]} 16. Ra2 {[%emt 0:02:13]} d5 {[%emt 0:04:26]} 17. c4 {[%emt 0:07:58]} a5 {[%emt 0:09:33]} 18. cxd5 {[%emt 0:04:07]} exd5 {[%emt 0:01:09]} 19. e5 {[%emt 0:04:10]} Bf8 {[%emt 0:00:35]} 20. Qf3 {[%emt 0:07:32]} Nfd7 {[%emt 0:00:24]} 21. Rfa1 {[%emt 0:03:48]} a4 {[%emt 0:21:29]} 22. bxa4 {[%emt 0:01:12]} c4 {[%emt 0:00:06]} 23. d4 {[%emt 0:08:26]} Nb8 {[%emt 0:02:56]} 24. a5 {[%emt 0:04:03]} Nc8 {[%emt 0:00:25]} 25. Bc3 {[%emt 0:01:10]} Na7 {[%emt 0:07:18]} 26. Rb1 {[%emt 0:03:09]} Bc6 {[%emt 0:00:55]} 27. Rab2 {[%emt 0:05:59]} Qd7 {[%emt 0:01:21]} 28. Rb6 {[%emt 0:01:51]} Rd8 {[%emt 0:01:35]} 29. f5 {[%emt 0:01:19]} Qe8 {[%emt 0:02:13]} 30. Bb4 {[%emt 0:07:19]} Bxb4 {[%emt 0:02:53]} 31. R6xb4 {[%emt 0:00:18]} Nb5 {[%emt 0:00:12]} 32. f6 {[%emt 0:03:17]} Nxd4 {[%emt 0:03:40]} 33. Qg4 {[%emt 0:00:07]} Ne6 {[%emt 0:00:03]} 34. fxg7 {[%emt 0:00:53]} Nxg7 {[%emt 0:04:53]} 35. Ndf3 {[%emt 0:01:22]} Bd7 {[%emt 0:01:25]} 36. Qf4 {[%emt 0:00:58]} Na6 {[%emt 0:06:07]} 37. Rb6 {[%emt 0:00:24]} Nc5 {[%emt 0:00:04]} 38. Qh6 {[%emt 0:01:25]} Ne4 {[%emt 0:01:57]} 39. Ng5 {[%emt 0:01:44]} Nxg5 {[%emt 0:00:06]} 40. Qxg5 {[%emt 0:00:02]} Be6 {[%emt 0:00:33]} 41. a6 {[%emt 0:00:40]} Ra7 {[%emt 0:02:18]} 42. Bxd5 {[%emt 0:01:41]} h6 {[%emt 0:00:53]} 43. Qxh6 {[%emt 0:00:51]} Bxd5 {[%emt 0:01:04]} 44. Qg5 {[%emt 0:00:19]} Be6 {[%emt 0:01:04]} 45. Rxe6 {[%emt 0:00:43]} fxe6 {[%emt 0:00:21]} 46. Ng6 {[%emt 0:00:07]} Rf7 {[%emt 0:08:06]} 47. a7 {[%emt 0:00:38]} Qd7 {[%emt 0:01:29]} 48. Qh4 {[%emt 0:00:43]} Qxa7+ {[%emt 0:00:09]} 49. Kh1 {[%emt 0:00:04]} Qa8+ {[%emt 0:00:21]} 50. Kg1 {[%emt 0:00:03]} Qa7+ {[%emt 0:00:32]} 51. Kh1 {[%emt 0:00:02]} Qa8+ {[%emt 0:00:05]} 52. Kg1 {[%emt 0:00:18]} Rf3 {[%emt 0:01:05]} 53. Ne7+ {[%emt 0:01:52]} Kf7 {[%emt 0:00:07]} 54. Qg4 {[%emt 0:00:38]} Nf5 {[%emt 0:00:54]} 55. Nxf5 {[%emt 0:00:23]} Rxf5 {[%emt 0:00:16]} 56. Qh4 {[%emt 0:00:33]} Rh8 {[%emt 0:00:45]} 57. Qd4 {[%emt 0:00:05]} Qd5 {[%emt 0:00:25]} 58. Qa7+ {[%emt 0:00:23]} Kg6 {[%emt 0:00:08]} 59. g4 {[%emt 0:00:32]} Rxe5 {[%emt 0:00:12]} 0-1